书目信息 |
| 题名: |
证券投资
|
|
| 作者: | 孙可娜 主编 | |
| 分册: | ||
| 出版信息: | 北京 高等教育出版社 2002.08 |
|
| 页数: | 375页 | |
| 开本: | 20cm | |
| 丛书名: | ||
| 单 册: | ||
| 中图分类: | F830.91 | |
| 科图分类: | ||
| 主题词: | 金融 , 银行 | |
| 电子资源: | ||
| ISBN: | 7-04-010573-X | |
| 000 | 00537nam0 2200205 450 | |
| 001 | 0841081828 | |
| 005 | 20081021112602.26 | |
| 010 | @a7-04-010573-X@dCNY15.50 | |
| 100 | @a20081021d2002 km y0chiy0120 ea | |
| 101 | 0 | @achi |
| 102 | @aCN@b110000 | |
| 200 | 1 | @a证券投资@Azheng quan tou zi@f孙可娜主编@Fsun ke na zhu bian |
| 210 | @a北京@c高等教育出版社@d2002.08 | |
| 215 | @a375页@d20cm | |
| 606 | 0 | @a金融 |
| 606 | 0 | @a银行 |
| 690 | @aF830.91@v4 | |
| 701 | 0 | @a孙可娜@Asun ke na@4主编 |
| 801 | 0 | @aCN@c20081021 |
| 905 | @dF830.91@eS925 | |
| 证券投资/孙可娜主编.-北京:高等教育出版社,2002.08 |
| 375页;20cm |
| ISBN 7-04-010573-X:CNY15.50 |
| ● |
| 相关链接 |
|
|
|
正题名:证券投资
索取号:F830.91/S925
 
预约/预借
| 序号 | 登录号 | 条形码 | 馆藏地/架位号 | 状态 | 备注 |
| 1 | 457006 | 204570062 | 社科库409/409社科库 53排3列4层/ [索取号:F830.91/S925] | 在馆 | |
| 2 | 457007 | 204570071 | 社科库409/409社科库 53排3列4层/ [索取号:F830.91/S925] | 在馆 |